Statistics for All Indonesian Regencies/Kabupaten and Cities with a Map

Click here to take the quiz!

General Stats

  • This quiz has been taken 1,999 times
  • The average score is 136 of 514

Answers on the Map

Answers color-coded by a green-red scale on the quiz's map according to % correct below.
 

Answer Stats

RegionEnglish nameAnswer% Correct
North SumatraMedanKota Medan
67%
West JavaBandungKabupaten Bandung
61%
West JavaBandungKota Bandung
61%
East JavaSurabayaKota Surabaya
60%
Special Capital Region of JakartaWest JakartaKota Administrasi Jakarta Barat
56%
Special Capital Region of JakartaSouth JakartaKota Administrasi Jakarta Selatan
56%
Special Capital Region of JakartaEast JakartaKota Administrasi Jakarta Timur
56%
Special Capital Region of JakartaNorth JakartaKota Administrasi Jakarta Utara
56%
BaliDenpasarKota Denpasar
56%
Special Region of YogyakartaYogyakartaKota Yogyakarta
56%
Special Capital Region of JakartaCentral JakartaKota Administrasi Jakarta Pusat
54%
West JavaBogorKabupaten Bogor
53%
Central JavaSemarangKabupaten Semarang
53%
West JavaBogorKota Bogor
53%
West SumatraPadangKota Padang
53%
Central JavaSemarangKota Semarang
53%
South KalimantanBanjarKabupaten Banjar
52%
West JavaBekasiKabupaten Bekasi
52%
BantenTangerangKabupaten Tangerang
52%
West JavaBanjarKota Banjar
52%
West JavaBekasiKota Bekasi
52%
BantenTangerangKota Tangerang
52%
East JavaMalangKabupaten Malang
51%
AcehBanda AcehKota Banda Aceh
51%
East JavaMalangKota Malang
51%
South SumatraPalembangKota Palembang
51%
West JavaDepokKota Depok
50%
JambiJambiKota Jambi
49%
BantenSerangKabupaten Serang
48%
Riau IslandsBatamKota Batam
48%
South SulawesiMakassarKota Makassar
48%
BantenSerangKota Serang
48%
Bangka Belitung IslandsBangkaKabupaten Bangka
47%
West JavaCirebonKabupaten Cirebon
47%
West JavaCirebonKota Cirebon
47%
Central JavaSurakartaKota Surakarta
47%
East JavaBatuKota Batu
46%
BantenSouth TangerangKota Tangerang Selatan
45%
GorontaloGorontaloKabupaten Gorontalo
44%
PapuaJayapuraKabupaten Jayapura
44%
North SumatraNiasKabupaten Nias
44%
GorontaloGorontaloKota Gorontalo
44%
PapuaJayapuraKota Jayapura
44%
East JavaBanyuwangiKabupaten Banyuwangi
43%
LampungBandar LampungKota Bandar Lampung
43%
RiauPekanbaruKota Pekanbaru
43%
BengkuluBengkuluKota Bengkulu
42%
West KalimantanPontianakKota Pontianak
42%
Bangka Belitung IslandsBelitungKabupaten Belitung
41%
West JavaSukabumiKabupaten Sukabumi
41%
Central JavaTegalKabupaten Tegal
41%
North SumatraTobaKabupaten Toba
41%
BantenCilegonKota Cilegon
41%
West JavaSukabumiKota Sukabumi
41%
Central JavaTegalKota Tegal
41%
Riau IslandsLinggaKabupaten Lingga
40%
East KalimantanBalikpapanKota Balikpapan
40%
East KalimantanSamarindaKota Samarinda
40%
West JavaCianjurKabupaten Cianjur
39%
West JavaPurwakartaKabupaten Purwakarta
39%
West JavaTasikmalayaKabupaten Tasikmalaya
39%
West JavaCimahiKota Cimahi
39%
North SulawesiManadoKota Manado
39%
Central SulawesiPaluKota Palu
39%
West JavaTasikmalayaKota Tasikmalaya
39%
Central JavaCilacapKabupaten Cilacap
38%
West JavaIndramayuKabupaten Indramayu
38%
East JavaKediriKabupaten Kediri
38%
Special Capital Region of JakartaThousand IslandsKabupaten Kepulauan Seribu
38%
Central JavaMagelangKabupaten Magelang
38%
South KalimantanBanjarmasinKota Banjarmasin
38%
East JavaKediriKota Kediri
38%
Central JavaMagelangKota Magelang
38%
North SumatraSamosirKabupaten Samosir
37%
East JavaSidoarjoKabupaten Sidoarjo
37%
Special Region of YogyakartaSlemanKabupaten Sleman
37%
AcehSabangKota Sabang
37%
Riau IslandsTanjungpinangKota Tanjungpinang
37%
West JavaWest BandungKabupaten Bandung Barat
36%
West JavaCiamisKabupaten Ciamis
36%
West JavaGarutKabupaten Garut
36%
Central JavaJeparaKabupaten Jepara
36%
West JavaKarawangKabupaten Karawang
36%
Central JavaKudusKabupaten Kudus
36%
East JavaMadiunKabupaten Madiun
36%
MalukuAmbonKota Ambon
36%
West SumatraBukittinggiKota Bukittinggi
36%
East JavaMadiunKota Madiun
36%
Central JavaSalatigaKota Salatiga
36%
AcehWest AcehKabupaten Aceh Barat
35%
AcehSouth AcehKabupaten Aceh Selatan
35%
East JavaJemberKabupaten Jember
35%
Central JavaKlatenKabupaten Klaten
35%
South PapuaMeraukeKabupaten Merauke
35%
North SumatraSouth NiasKabupaten Nias Selatan
35%
Central JavaPekalonganKabupaten Pekalongan
35%
East JavaProbolinggoKabupaten Probolinggo
35%
North SumatraBinjaiKota Binjai
35%
Central JavaPekalonganKota Pekalongan
35%
East JavaProbolinggoKota Probolinggo
35%
AcehEast AcehKabupaten Aceh Timur
34%
Special Region of YogyakartaBantulKabupaten Bantul
34%
Central JavaBatangKabupaten Batang
34%
Central JavaBrebesKabupaten Brebes
34%
Central JavaDemakKabupaten Demak
34%
East JavaGresikKabupaten Gresik
34%
Special Region of YogyakartaGunung KidulKabupaten Gunung Kidul
34%
East Nusa TenggaraKupangKabupaten Kupang
34%
West JavaMajalengkaKabupaten Majalengka
34%
East JavaMojokertoKabupaten Mojokerto
34%
North SumatraWest NiasKabupaten Nias Barat
34%
North SumatraNorth NiasKabupaten Nias Utara
34%
West JavaSubangKabupaten Subang
34%
West JavaSumedangKabupaten Sumedang
34%
East Nusa TenggaraKupangKota Kupang
34%
West Nusa TenggaraMataramKota Mataram
34%
East JavaMojokertoKota Mojokerto
34%
Central KalimantanPalangka RayaKota Palangka Raya
34%
East JavaBangkalanKabupaten Bangkalan
33%
Riau IslandsBintanKabupaten Bintan
33%
East JavaBlitarKabupaten Blitar
33%
North SumatraDeli SerdangKabupaten Deli Serdang
33%
North SumatraKaroKabupaten Karo
33%
West JavaKuninganKabupaten Kuningan
33%
LampungMetroKabupaten Metro
33%
East JavaNgawiKabupaten Ngawi
33%
Central JavaPatiKabupaten Pati
33%
East JavaSumenepKabupaten Sumenep
33%
East JavaBlitarKota Blitar
33%
North SumatraPematangsiantarKota Pematangsiantar
33%
AcehNorth AcehKabupaten Aceh Utara
32%
Central JavaBanyumasKabupaten Banyumas
32%
Central JavaKebumenKabupaten Kebumen
32%
East JavaLamonganKabupaten Lamongan
32%
BantenPandeglangKabupaten Pandeglang
32%
West JavaPangandaranKabupaten Pangandaran
32%
Central JavaPemalangKabupaten Pemalang
32%
Central JavaPurworejoKabupaten Purworejo
32%
Bangka Belitung IslandsPangkal PinangKota Pangkal Pinang
32%
West SumatraPariamanKota Pariaman
32%
North MalukuTernateKota Ternate
32%
AcehAceh BesarKabupaten Aceh Besar
31%
AcehSoutheast AcehKabupaten Aceh Tenggara
31%
BaliBadungKabupaten Badung
31%
West Nusa TenggaraBimaKabupaten Bima
31%
Central JavaBloraKabupaten Blora
31%
Central JavaKendalKabupaten Kendal
31%
East JavaNganjukKabupaten Nganjuk
31%
Central JavaRembangKabupaten Rembang
31%
West SumatraSolokKabupaten Solok
31%
Southwest PapuaSorongKabupaten Sorong
31%
West Nusa TenggaraSumbawaKabupaten Sumbawa
31%
North SumatraSouth TapanuliKabupaten Tapanuli Selatan
31%
Central JavaWonogiriKabupaten Wonogiri
31%
Central JavaWonosoboKabupaten Wonosobo
31%
West Nusa TenggaraBimaKota Bima
31%
North SumatraGunungsitoliKota Gunungsitoli
31%
AcehLhokseumaweKota Lhokseumawe
31%
West SumatraSolokKota Solok
31%
Southwest PapuaSorongKota Sorong
31%
North KalimantanTarakanKota Tarakan
31%
North SumatraAsahanKabupaten Asahan
30%
Central JavaBanjarnegaraKabupaten Banjarnegara
30%
BaliBulelengKabupaten Buleleng
30%
LampungSouth LampungKabupaten Lampung Selatan
30%
LampungEast LampungKabupaten Lampung Timur
30%
North SumatraMandailing NatalKabupaten Mandailing Natal
30%
West PapuaManokwariKabupaten Manokwari
30%
East JavaPasuruanKabupaten Pasuruan
30%
Central JavaPurbalinggaKabupaten Purbalingga
30%
Central JavaSragenKabupaten Sragen
30%
North SumatraNorth TapanuliKabupaten Tapanuli Utara
30%
East JavaTubanKabupaten Tuban
30%
RiauDumaiKota Dumai
30%
Southeast SulawesiKendariKota Kendari
30%
East JavaPasuruanKota Pasuruan
30%
North SumatraTebing TinggiKota Tebing Tinggi
30%
AcehCentral AcehKabupaten Aceh Tengah
29%
East JavaBojonegoroKabupaten Bojonegoro
29%
Central JavaBoyolaliKabupaten Boyolali
29%
West PapuaFakfakKabupaten Fakfak
29%
Central JavaKaranganyarKabupaten Karanganyar
29%
Special Region of YogyakartaKulon ProgoKabupaten Kulon Progo
29%
LampungWest LampungKabupaten Lampung Barat
29%
LampungNorth LampungKabupaten Lampung Utara
29%
BantenLebakKabupaten Lebak
29%
East JavaPacitanKabupaten Pacitan
29%
East JavaPamekasanKabupaten Pamekasan
29%
East JavaSampangKabupaten Sampang
29%
East JavaSitubondoKabupaten Situbondo
29%
Central JavaTemanggungKabupaten Temanggung
29%
AcehLangsaKota Langsa
29%
AcehSouthwest AcehKabupaten Aceh Barat Daya
28%
Bangka Belitung IslandsEast BelitungKabupaten Belitung Timur
28%
East Nusa TenggaraEndeKabupaten Ende
28%
BaliGianyarKabupaten Gianyar
28%
East JavaJombangKabupaten Jombang
28%
LampungCentral LampungKabupaten Lampung Tengah
28%
North SumatraLangkatKabupaten Langkat
28%
West Nusa TenggaraWest LombokKabupaten Lombok Barat
28%
West Nusa TenggaraEast LombokKabupaten Lombok Timur
28%
West SulawesiMamujuKabupaten Mamuju
28%
West SumatraPadang PariamanKabupaten Padang Pariaman
28%
South KalimantanBanjarbaruKota Banjarbaru
28%
North SulawesiBitungKota Bitung
28%
North SumatraPadang SidempuanKota Padang Sidempuan
28%
West SumatraPayakumbuhKota Payakumbuh
28%
Bangka Belitung IslandsWest BangkaKabupaten Bangka Barat
27%
Bangka Belitung IslandsSouth BangkaKabupaten Bangka Selatan
27%
Southeast SulawesiButonKabupaten Buton
27%
BaliKarangasemKabupaten Karangasem
27%
West Nusa TenggaraNorth LombokKabupaten Lombok Utara
27%
East JavaLumajangKabupaten Lumajang
27%
Riau IslandsNatunaKabupaten Natuna
27%
East JavaPonorogoKabupaten Ponorogo
27%
Central JavaSukoharjoKabupaten Sukoharjo
27%
North SumatraCentral TapanuliKabupaten Tapanuli Tengah
27%
East JavaTrenggalekKabupaten Trenggalek
27%
North SumatraSibolgaKota Sibolga
27%
West KalimantanSingkawangKota Singkawang
27%
AcehSubulussalamKota Subulussalam
27%
AcehAceh SingkilKabupaten Aceh Singkil
26%
BaliBangliKabupaten Bangli
26%
RiauBengkalisKabupaten Bengkalis
26%
BengkuluSouth BengkuluKabupaten Bengkulu Selatan
26%
BengkuluNorth BengkuluKabupaten Bengkulu Utara
26%
East JavaBondowosoKabupaten Bondowoso
26%
North SumatraDairiKabupaten Dairi
26%
Central JavaGroboganKabupaten Grobogan
26%
BaliJembranaKabupaten Jembrana
26%
Central KalimantanKapuasKabupaten Kapuas
26%
West Nusa TenggaraCentral LombokKabupaten Lombok Tengah
26%
South SulawesiLuwuKabupaten Luwu
26%
AcehPidieKabupaten Pidie
26%
Central SulawesiPosoKabupaten Poso
26%
North SumatraSimalungunKabupaten Simalungun
26%
East Nusa TenggaraWest SumbaKabupaten Sumba Barat
26%
East Nusa TenggaraEast SumbaKabupaten Sumba Timur
26%
BaliTabananKabupaten Tabanan
26%
East JavaTulungagungKabupaten Tulungagung
26%
AcehAceh JayaKabupaten Aceh Jaya
25%
AcehAceh TamiangKabupaten Aceh Tamiang
25%
West SumatraAgamKabupaten Agam
25%
Bangka Belitung IslandsCentral BangkaKabupaten Bangka Tengah
25%
South SumatraBanyuasinKabupaten Banyuasin
25%
North SumatraBatubaraKabupaten Batubara
25%
East Nusa TenggaraEast FloresKabupaten Flores Timur
25%
West SumatraMentawai IslandsKabupaten Kepulauan Mentawai
25%
BaliKlungkungKabupaten Klungkung
25%
West SumatraKota Lima Puluh KotaKabupaten Lima Puluh Kota
25%
East JavaMagetanKabupaten Magetan
25%
North SulawesiMinahasaKabupaten Minahasa
25%
Southwest PapuaRaja AmpatKabupaten Raja Ampat
25%
Southeast SulawesiBaubauKota Baubau
25%
South SumatraLubuklinggauKota Lubuklinggau
25%
West SumatraPadang PanjangKota Padang Panjang
25%
South SulawesiParepareKota Parepare
25%
South SulawesiBoneKabupaten Bone
24%
Central SulawesiDonggalaKabupaten Donggala
24%
North SumatraLabuhanbatuKabupaten Labuhanbatu
24%
South SumatraOgan Komering IlirKabupaten Ogan Komering Ilir
24%
South SumatraOgan Komering UluKabupaten Ogan Komering Ulu
24%
West SumatraSawahluntoKota Sawahlunto
24%
North SumatraTanjungbalaiKota Tanjungbalai
24%
East Nusa TenggaraAlorKabupaten Alor
23%
BengkuluCentral BengkuluKabupaten Bengkulu Tengah
23%
South SulawesiGowaKabupaten Gowa
23%
RiauIndragiri HilirKabupaten Indragiri Hilir
23%
RiauIndragiri HuluKabupaten Indragiri Hulu
23%
Riau IslandsKarimunKabupaten Karimun
23%
JambiKerinciKabupaten Kerinci
23%
East KalimantanKutai KartanegaraKabupaten Kutai Kartanegara
23%
North SumatraSouth LabuhanbatuKabupaten Labuhanbatu Selatan
23%
North SumatraPadang LawasKabupaten Padang Lawas
23%
East KalimantanPaserKabupaten Paser
23%
East Nusa TenggaraCentral SumbaKabupaten Sumba Tengah
23%
West Nusa TenggaraWest SumbawaKabupaten Sumbawa Barat
23%
East KalimantanBontangKota Bontang
23%
Central SulawesiBanggaiKabupaten Banggai
22%
West SumatraDharmasrayaKabupaten Dharmasraya
22%
North SumatraHumbang HasundutanKabupaten Humbang Hasundutan
22%
Highland PapuaJayawijayaKabupaten Jayawijaya
22%
West KalimantanKetapangKabupaten Ketapang
22%
North SumatraNorth LabuhanbatuKabupaten Labuhanbatu Utara
22%
North SulawesiSouth MinahasaKabupaten Minahasa Selatan
22%
North SulawesiNorth MinahasaKabupaten Minahasa Utara
22%
South SumatraMuara EnimKabupaten Muara Enim
22%
North SumatraPakpak BharatKabupaten Pakpak Bharat
22%
West SumatraSouth PesisirKabupaten Pesisir Selatan
22%
AcehPidie JayaKabupaten Pidie Jaya
22%
RiauRokan HilirKabupaten Rokan Hilir
22%
RiauRokan HuluKabupaten Rokan Hulu
22%
North SumatraSerdang BedagaiKabupaten Serdang Bedagai
22%
RiauSiakKabupaten Siak
22%
South SulawesiTana TorajaKabupaten Tana Toraja
22%
South SumatraPrabumulihKota Prabumulih
22%
AcehBireuenKabupaten Bireuen
21%
AcehGayo LuesKabupaten Gayo Lues
21%
North MalukuWest HalmaheraKabupaten Halmahera Barat
21%
North MalukuSouth HalmaheraKabupaten Halmahera Selatan
21%
North MalukuEast HalmaheraKabupaten Halmahera Timur
21%
North MalukuNorth HalmaheraKabupaten Halmahera Utara
21%
West KalimantanKapuas HuluKabupaten Kapuas Hulu
21%
South SulawesiEast LuwuKabupaten Luwu Timur
21%
West SulawesiMajeneKabupaten Majene
21%
West SulawesiMamasaKabupaten Mamasa
21%
East Nusa TenggaraManggaraiKabupaten Manggarai
21%
JambiMuaro JambiKabupaten Muaro Jambi
21%
South SumatraMusi BanyuasinKabupaten Musi Banyuasin
21%
North KalimantanNunukanKabupaten Nunukan
21%
North SumatraNorth Padang LawasKabupaten Padang Lawas Utara
21%
LampungWest PesisirKabupaten Pesisir Barat
21%
West SulawesiPolewali MandarKabupaten Polewali Mandar
21%
Central PapuaPuncakKabupaten Puncak
21%
West KalimantanSambasKabupaten Sambas
21%
AcehSimeulueKabupaten Simeulue
21%
West SumatraSouth SolokKabupaten Solok Selatan
21%
West SumatraTanah DatarKabupaten Tanah Datar
21%
South SumatraPagar AlamKota Pagar Alam
21%
South SulawesiPalopoKota Palopo
21%
South PapuaAsmatKabupaten Asmat
20%
AcehBener MeriahKabupaten Bener Meriah
20%
JambiBungoKabupaten Bungo
20%
Southeast SulawesiSouth ButonKabupaten Buton Selatan
20%
Southeast SulawesiNorth ButonKabupaten Buton Utara
20%
West Nusa TenggaraDompuKabupaten Dompu
20%
North MalukuCentral HalmaheraKabupaten Halmahera Tengah
20%
South KalimantanKotabaruKabupaten Kotabaru
20%
South SulawesiNorth LuwuKabupaten Luwu Utara
20%
Central PapuaMimikaKabupaten Mimika
20%
West SumatraPasamanKabupaten Pasaman
20%
JambiTeboKabupaten Tebo
20%
East Nusa TenggaraSouth Central TimorKabupaten Timor Tengah Selatan
20%
East Nusa TenggaraNorth Central TimorKabupaten Timor Tengah Utara
20%
Central SulawesiTolitoliKabupaten Tolitoli
20%
South SulawesiNorth TorajaKabupaten Toraja Utara
20%
LampungWay KananKabupaten Way Kanan
20%
JambiSungai PenuhKota Sungai Penuh
20%
North SulawesiTomohonKota Tomohon
20%
Central KalimantanSouth BaritoKabupaten Barito Selatan
19%
Central KalimantanNorth BaritoKabupaten Barito Utara
19%
North SulawesiBolaang MongondowKabupaten Bolaang Mongondow
19%
GorontaloNorth GorontaloKabupaten Gorontalo Utara
19%
RiauKamparKabupaten Kampar
19%
Riau IslandsAnambas IslandsKabupaten Kepulauan Anambas
19%
RiauMeranti IslandsKabupaten Kepulauan Meranti
19%
East KalimantanWest KutaiKabupaten Kutai Barat
19%
East KalimantanEast KutaiKabupaten Kutai Timur
19%
South SumatraLahatKabupaten Lahat
19%
East Nusa TenggaraWest ManggaraiKabupaten Manggarai Barat
19%
East Nusa TenggaraEast ManggaraiKabupaten Manggarai Timur
19%
South SulawesiMarosKabupaten Maros
19%
Central SulawesiMorowaliKabupaten Morowali
19%
South SumatraMusi RawasKabupaten Musi Rawas
19%
Central PapuaNabireKabupaten Nabire
19%
AcehNagan RayaKabupaten Nagan Raya
19%
South SumatraOgan IlirKabupaten Ogan Ilir
19%
South SumatraSouth Ogan Komering UluKabupaten Ogan Komering Ulu Selatan
19%
West SumatraWest PasamanKabupaten Pasaman Barat
19%
East KalimantanNorth Penajam PaserKabupaten Penajam Paser Utara
19%
LampungPringsewuKabupaten Pringsewu
19%
West SumatraSijunjungKabupaten Sijunjung
19%
West KalimantanSintangKabupaten Sintang
19%
East Nusa TenggaraSouthwest SumbaKabupaten Sumba Barat Daya
19%
Central SulawesiTojo Una-UnaKabupaten Tojo Una-Una
19%
LampungTulang BawangKabupaten Tulang Bawang
19%
Central SulawesiBanggai IslandsKabupaten Banggai Kepulauan
18%
Central KalimantanEast BaritoKabupaten Barito Timur
18%
East Nusa TenggaraBeluKabupaten Belu
18%
East KalimantanBerauKabupaten Berau
18%
North SulawesiSouth Bolaang MongondowKabupaten Bolaang Mongondow Selatan
18%
MalukuBuruKabupaten Buru
18%
North SulawesiSangihe IslandsKabupaten Kepulauan Sangihe
18%
East Nusa TenggaraMalakaKabupaten Malaka
18%
North KalimantanMalinauKabupaten Malinau
18%
MalukuCentral MalukuKabupaten Maluku Tengah
18%
MalukuSoutheast MalukuKabupaten Maluku Tenggara
18%
JambiMeranginKabupaten Merangin
18%
LampungMesujiKabupaten Mesuji
18%
North SulawesiSoutheast MinahasaKabupaten Minahasa Tenggara
18%
BengkuluMukomukoKabupaten Mukomuko
18%
Southeast SulawesiMunaKabupaten Muna
18%
South SumatraEast Ogan Komering UluKabupaten Ogan Komering Ulu Timur
18%
RiauPelalawanKabupaten Pelalawan
18%
Central PapuaPuncak JayaKabupaten Puncak Jaya
18%
Central SulawesiSigiKabupaten Sigi
18%
East Nusa TenggaraSikkaKabupaten Sikka
18%
JambiWest Tanjung JabungKabupaten Tanjung Jabung Barat
18%
JambiEast Tanjung JabungKabupaten Tanjung Jabung Timur
18%
Southeast SulawesiWakatobiKabupaten Wakatobi
18%
Central SulawesiBanggai LautKabupaten Banggai Laut
17%
South SulawesiBantaengKabupaten Bantaeng
17%
JambiBatang HariKabupaten Batang Hari
17%
West KalimantanBengkayangKabupaten Bengkayang
17%
PapuaBiak NumforKabupaten Biak Numfor
17%
North SulawesiEast Bolaang MongondowKabupaten Bolaang Mongondow Timur
17%
North SulawesiNorth Bolaang MongondowKabupaten Bolaang Mongondow Utara
17%
South PapuaBoven DigoelKabupaten Boven Digoel
17%
North KalimantanBulunganKabupaten Bulungan
17%
Southeast SulawesiCentral ButonKabupaten Buton Tengah
17%
South SulawesiEnrekangKabupaten Enrekang
17%
South SulawesiJenepontoKabupaten Jeneponto
17%
North SulawesiTalaud IslandsKabupaten Kepulauan Talaud
17%
Southeast SulawesiKolakaKabupaten Kolaka
17%
Southeast SulawesiKonaweKabupaten Konawe
17%
Central KalimantanWest KotawaringinKabupaten Kotawaringin Barat
17%
Central KalimantanEast KotawaringinKabupaten Kotawaringin Timur
17%
BengkuluLebongKabupaten Lebong
17%
East KalimantanMahakam UluKabupaten Mahakam Ulu
17%
West KalimantanMempawahKabupaten Mempawah
17%
Highland PapuaNdugaKabupaten Nduga
17%
Central KalimantanPulang PisauKabupaten Pulang Pisau
17%
East Nusa TenggaraRote NdaoKabupaten Rote Ndao
17%
South SulawesiSoppengKabupaten Soppeng
17%
North SulawesiKotamobaguKota Kotamobagu
17%
MalukuTualKota Tual
17%
South KalimantanBarito KualaKabupaten Barito Kuala
16%
South SulawesiBulukumbaKabupaten Bulukumba
16%
South SumatraEmpat LawangKabupaten Empat Lawang
16%
BengkuluKaurKabupaten Kaur
16%
South SulawesiSelayar IslandsKabupaten Kepulauan Selayar
16%
Southeast SulawesiNorth KonaweKabupaten Konawe Utara
16%
RiauKuantan SingingiKabupaten Kuantan Singingi
16%
West KalimantanKubu RayaKabupaten Kubu Raya
16%
East Nusa TenggaraLembataKabupaten Lembata
16%
South SumatraNorth Musi RawasKabupaten Musi Rawas Utara
16%
East Nusa TenggaraNgadaKabupaten Ngada
16%
LampungPesawaranKabupaten Pesawaran
16%
BengkuluRejang LebongKabupaten Rejang Lebong
16%
West KalimantanSanggauKabupaten Sanggau
16%
West KalimantanSekadauKabupaten Sekadau
16%
South SulawesiSinjaiKabupaten Sinjai
16%
LampungTanggamusKabupaten Tanggamus
16%
LampungWest Tulang BawangKabupaten Tulang Bawang Barat
16%
South SulawesiBarruKabupaten Barru
15%
Central SulawesiBuolKabupaten Buol
15%
MalukuSouth BuruKabupaten Buru Selatan
15%
South KalimantanSouth Hulu SungaiKabupaten Hulu Sungai Selatan
15%
South KalimantanNorth Hulu SungaiKabupaten Hulu Sungai Utara
15%
West PapuaKaimanaKabupaten Kaimana
15%
West KalimantanNorth KayongKabupaten Kayong Utara
15%
BengkuluKepahiangKabupaten Kepahiang
15%
PapuaYapen IslandsKabupaten Kepulauan Yapen
15%
Southeast SulawesiNorth KolakaKabupaten Kolaka Utara
15%
Southeast SulawesiSouth KonaweKabupaten Konawe Selatan
15%
West KalimantanLandakKabupaten Landak
15%
Highland PapuaLanny JayaKabupaten Lanny Jaya
15%
MalukuSouthwest MalukuKabupaten Maluku Barat Daya
15%
West SulawesiCentral MamujuKabupaten Mamuju Tengah
15%
South PapuaMappiKabupaten Mappi
15%
Southwest PapuaMaybratKabupaten Maybrat
15%
West KalimantanMelawiKabupaten Melawi
15%
Southeast SulawesiWest MunaKabupaten Muna Barat
15%
Central KalimantanMurung RayaKabupaten Murung Raya
15%
East Nusa TenggaraNagekeoKabupaten Nagekeo
15%
South SulawesiPangkajene and IslandsKabupaten Pangkajene dan Kepulauan
15%
Central SulawesiParigi MoutongKabupaten Parigi Moutong
15%
West SulawesiPasangkayuKabupaten Pasangkayu
15%
Highland PapuaBintang MountainsKabupaten Pegunungan Bintang
15%
South SumatraPenukal Abab Lematang IlirKabupaten Penukal Abab Lematang Ilir
15%
East Nusa TenggaraSabu RaijuaKabupaten Sabu Raijua
15%
JambiSarolangunKabupaten Sarolangun
15%
MalukuWest SeramKabupaten Seram Bagian Barat
15%
MalukuEast SeramKabupaten Seram Bagian Timur
15%
South SulawesiSidenreng RappangKabupaten Sidenreng Rappang
15%
Southwest PapuaSouth SorongKabupaten Sorong Selatan
15%
South KalimantanTabalongKabupaten Tabalong
15%
North KalimantanTana TidungKabupaten Tana Tidung
15%
West PapuaTeluk BintuniKabupaten Teluk Bintuni
15%
South SulawesiWajoKabupaten Wajo
15%
PapuaWaropenKabupaten Waropen
15%
North MalukuTidore IslandsKota Tidore Kepulauan
15%
South KalimantanBalanganKabupaten Balangan
14%
GorontaloBoalemoKabupaten Boalemo
14%
Southeast SulawesiBombanaKabupaten Bombana
14%
GorontaloBone BolangoKabupaten Bone Bolango
14%
Central PapuaDogiyaiKabupaten Dogiyai
14%
Central KalimantanGunung MasKabupaten Gunung Mas
14%
South KalimantanCentral Hulu SungaiKabupaten Hulu Sungai Tengah
14%
Central PapuaIntan JayaKabupaten Intan Jaya
14%
Central KalimantanKatinganKabupaten Katingan
14%
MalukuTanimbar IslandsKabupaten Kepulauan Tanimbar
14%
Southeast SulawesiEast KolakaKabupaten Kolaka Timur
14%
Central KalimantanLamandauKabupaten Lamandau
14%
PapuaMamberamo RayaKabupaten Mamberamo Raya
14%
West PapuaSouth ManokwariKabupaten Manokwari Selatan
14%
Central SulawesiNorth MorowaliKabupaten Morowali Utara
14%
GorontaloPohuwatoKabupaten Pohuwato
14%
PapuaSarmiKabupaten Sarmi
14%
BengkuluSelumaKabupaten Seluma
14%
Central KalimantanSeruyanKabupaten Seruyan
14%
Central KalimantanSukamaraKabupaten Sukamara
14%
PapuaSupioriKabupaten Supiori
14%
South SulawesiTakalarKabupaten Takalar
14%
South KalimantanTanah BumbuKabupaten Tanah Bumbu
14%
South KalimantanTanah LautKabupaten Tanah Laut
14%
Highland PapuaYahukimoKabupaten Yahukimo
14%
Central PapuaDeiyaiKabupaten Deiyai
13%
MalukuAru IslandsKabupaten Kepulauan Aru
13%
North SulawesiSitaro IslandsKabupaten Kepulauan Sitaro
13%
Southeast SulawesiKonawe IslandsKabupaten Konawe Kepulauan
13%
Highland PapuaCentral MamberamoKabupaten Mamberamo Tengah
13%
Central PapuaPaniaiKabupaten Paniai
13%
West PapuaArfak MountainsKabupaten Pegunungan Arfak
13%
South SulawesiPinrangKabupaten Pinrang
13%
North MalukuMorotai IslandKabupaten Pulau Morotai
13%
Southwest PapuaTambrauwKabupaten Tambrauw
13%
South KalimantanTapinKabupaten Tapin
13%
Highland PapuaTolikaraKabupaten Tolikara
13%
PapuaKeeromKabupaten Keerom
12%
North MalukuSula IslandsKabupaten Kepulauan Sula
12%
West PapuaTeluk WondamaKabupaten Teluk Wondama
12%
Highland PapuaYalimoKabupaten Yalimo
12%
North MalukuTaliabu IslandKabupaten Pulau Taliabu
11%

Score Distribution

Percentile by Number Answered

Percent of People with Each Score

Your Score History

You have not taken this quiz